| 000 | 00672cam a2200181 a 4500 | ||
|---|---|---|---|
| 020 | _a0821340360 | ||
| 082 | 0 | 0 |
_a363.739450959916 _bURB _cD |
| 245 | 0 | 0 |
_aUrban air quality management strategy in Asia. _cedited by Jitendra J. Shah, Tanvi Nagpal. |
| 260 |
_aWashington, D.C. : _bWorld Bank, _cc1997. |
||
| 300 |
_axv, 189 p. : _bill., maps ; _c28 cm. |
||
| 526 |
_a0 _b0 _c0 _d363_739450959916000_URB |
||
| 650 | 0 |
_aAir quality management _zPhilippines _zManila Metropolitan Area. _938216 |
|
| 650 | 0 |
_aAir _xPollution _zPhilippines _zManila Metropolitan Area. _938217 |
|
| 650 | 0 | _aMCE (D) | |
| 700 | 1 | _aNagpal, Tanvi, | |
| 700 | 1 |
_aShah, Jitendra J., _938146 |
|
| 942 |
_2ddc _cBK |
||
| 999 |
_c542860 _d542860 |
||